00441nam a2200169Ia 4500003000400000005001700004008004100021040001600062082001700078100001700095245003800112260004800150300003000198650001600228650001100244650001600255GCL20240530100215.0140319s9999 xx 000 0 eng d aGCL / cGCL04a584.324bS B1 aSTOKER, FRED10aA BOOK OF LILIES / cSTOKER, FRED alondon : bTHE KING PENGUIN BOOKS ، c1943 a32 p :bpictures ;c16 cm04aENVIRONMENT04aLILIES04aLILY FAMILY